| 000 | 00356nam a2200133Ia 4500 | ||
|---|---|---|---|
| 008 | 221021s9999||||xx |||||||||||||| ||und|| | ||
| 020 | _a0-07-259770-5 | ||
| 040 | _cChuka University Library | ||
| 050 |
_aHD 30.2 _b.H677 2001 |
||
| 100 |
_aHouel,Thomas _9771 |
||
| 245 | 0 | _aMeasuring and managing knowledge | |
| 260 |
_aBoston _bMc graw hill _c2001 |
||
| 942 | _cBK | ||
| 999 |
_c692 _d692 |
||